LEADER 01068nam0-2200337---450- 001 990009127980403321 005 20091216103820.0 010 $a88-464-5196-1 035 $a000912798 035 $aFED01000912798 035 $a(Aleph)000912798FED01 035 $a000912798 100 $a20091216d2003----km-y0itay50------ba 101 0 $aita 102 $aIT 105 $ay-------001yy 200 1 $aUscire dal deserto$d=Come in from the desert$fCasa di accoglienza delle donne maltrattate 210 $aMilano$cFrancoAngeli$d2003 215 $a231 p.$d23 cm 300 $aRelazioni presentate a un convegno tenuto a Milano nel 2001 610 0 $aDonna$aAssistenza$aCentri specializzati$aItalia 610 0 $aVittime di violenza sessuale$aAssistenza$aItalia 676 $a362.830945$v21$zita 710 11$aCasa di accoglienza delle donne maltrattate$0506500 801 0$aIT$bUNINA$gRICA$2UNIMARC 901 $aBK 912 $a990009127980403321 952 $aIX E 226$b44113$fFSPBC 959 $aFSPBC 996 $aUscire dal deserto$9783953 997 $aUNINA